French: Days Quiz Stats

 Plays Quiz Updated Oct 24, 2018

Score 0/10 Timer 02:00
0 Plays Today
English French % Correct
MondayLundi
96.6%
TuesdayMardi
94.4%
WednesdayMercredi
86.6%
FridayVendredi
82.6%
SaturdaySamedi
82.5%
SundayDimanche
81.4%
ThursdayJeudi
80.7%
TomorrowDemain
61%
TodayAujourd'hui
58.2%
YesterdayHier
55%

You're not logged in!

Compare scores with friends on all Sporcle quizzes.
OR
Log In

Sporcle TV

Today on Sporcle TV


Watch our educational content, quiz creation guides, and fun videos on Sporcle TV.

Show Comments

Extras

Top Quizzes Today


Score Distribution

Your Account Isn't Verified!

In order to create a playlist on Sporcle, you need to verify the email address you used during registration. Go to your Sporcle Settings to finish the process.

Report this User

Report this user for behavior that violates our Community Guidelines.

Details: